00251nam a2200085Ia 4500008004100000041000800041100001700049245006300066260003600129241105s9999 xx 000 0 und d aeng aGurav Nikita aDigital Investigation Into Material Driven Design (Bamboo) bM Arch Digital BNCA, Punec2015